Statystyki dla Wszystkie państwa biorące udział w Eurowizji Junior

Kliknij tutaj aby rozwiązać quiz!

Ogólne statystyki

  • Ten quiz został rozwiązany 747 razy
    (582 od ostatniego zresetowania)
  • Średni wynik to 30 z 40

Statystyki odpowiedzi

Rok DebiutuPaństwo% Poprawnych
2003Polska
99%
2003Hiszpania
93%
2004Francja
92%
2020Niemcy
92%
2006Ukraina
92%
2005Rosja
91%
2006Portugalia
88%
2014Włochy
88%
2003Białoruś
86%
2003Holandia
85%
2003Wielka Brytania
84%
2003Norwegia
83%
2003Szwecja
83%
2007Armenia
82%
2003Chorwacja
82%
2007Litwa
81%
2007Gruzja
80%
2012Albania
79%
2003Łotwa
79%
2006Serbia
79%
2003Grecja
78%
2015Irlandia
78%
2003Belgia
77%
2003Malta
77%
2003Dania
76%
2018Kazachstan
73%
2014Słowenia
72%
2007Bułgaria
70%
2015Australia
69%
2012Azerbejdżan
69%
2003Macedonia Północna
69%
2003Rumunia
69%
2004Szwajcaria
69%
2014Czarnogóra
66%
2003Cypr
64%
2010Mołdawia
61%
2013San Marino
60%
2012Izrael
58%
2018Walia
45%
2005Serbia i Czarnogóra
23%

Rozkład punktacji

Percentyl według liczby udzielonych odpowiedzi

Procent ludzi z każdym wynikiem

Twoja historia wyników

Nie rozwiązałeś tego quizu od ostatniego zresetowania